Determinanty vzniku a rozvoja moderného poistenia bakalárska práca

Salvato in:
Dettagli Bibliografici
Autore principale: Novosadová, Martina
Ente Autore: Národohospodárska fakulta EU. Katedra poisťovníctva
Altri autori: Brokešová, Zuzana, 1985-
Natura: Libro
Lingua:slovacco
Pubblicazione: Bratislava 2023
Tags: Aggiungi Tag
Nessun Tag, puoi essere il primo ad aggiungerne!!

MARC

LEADER 00000nbm a2200000 4500
001 0294474
005 20231113102430.7
041 0 |a slo 
044 |a SK 
245 1 0 |a Determinanty vzniku a rozvoja moderného poistenia  |b bakalárska práca  |c Martina Novosadová ; školiteľ: Zuzana Brokešová 
264 1 |a Bratislava  |c 2023 
300 |a 36 s. 
100 1 |a Novosadová, Martina 
700 1 |a Brokešová, Zuzana, 1985- 
710 2 |a Národohospodárska fakulta EU. Katedra poisťovníctva